The Exploratorium science snackbook : Cook up over 100 hands-on science exhibits from everyday materials

This revised and updated edition offers instructions for building junior versions, or "snacks," of the famed Exploratorium's exhibits. The snacks, designed by science teachers, can be used as demonstrations, labs, or as student science projects and all 100 projects are easy to build f...

詳細記述

保存先:
書誌詳細
団体著者: Exploratorium Teacher Institute
フォーマット: 図書
言語:Undetermined
出版事項: San Francisco, CA Jossey-Bass 2009
主題:
タグ: タグ追加
タグなし, このレコードへの初めてのタグを付けませんか!
Thư viện lưu trữ: Trung tâm Học liệu Trường Đại học Cần Thơ
LEADER 01182nam a2200217Ia 4500
001 CTU_187278
008 210402s9999 xx 000 0 und d
082 |a 507.8 
082 |b E96 
110 |a Exploratorium Teacher Institute 
245 4 |a The Exploratorium science snackbook : 
245 0 |b Cook up over 100 hands-on science exhibits from everyday materials 
245 0 |c Exploratorium Teacher Institute 
260 |a San Francisco, CA 
260 |b Jossey-Bass 
260 |c 2009 
520 |a This revised and updated edition offers instructions for building junior versions, or "snacks," of the famed Exploratorium's exhibits. The snacks, designed by science teachers, can be used as demonstrations, labs, or as student science projects and all 100 projects are easy to build from common materials. The Exploratorium, a renowned hands-on science museum founded by physicist and educator Frank Oppenheimer, is noted for its interactive exhibits that richly illustrate scientific concepts and stimulate learning. 
650 |a Physics,Vật lý 
650 |x Experiments,Thí nghiệm 
904 |i Qhieu 
980 |a Trung tâm Học liệu Trường Đại học Cần Thơ